000 00571nam a2200205Ia 4500
005 20250508161611.0
008 008 250505s9999 xx 000 0 eng d
020 _a471-83325-8
037 _aTextual
040 _aFEDL
_beng
_cFEDL
041 _aeng
_2eng
084 _a370.19, STR
_qFEDL
100 _aStreet David Ed.
_9139792
245 0 _aInnovation in mass education
260 _aNew York, USA
_bWiley-Interscience
_c1969
300 _aviii342p.
650 _aEducation-Sociology
942 _cTEXL
_h370.19, STR
999 _c1371048
_d1371048